000 00883cam a22003017a 4500
005 20220817043109.0
008 971010s1986 r 00010 d
010 _a65529
011 _a66501
035 _a74720
082 _a631.43
_bF3y
110 2 _aFAO
245 1 4 _aLos lisímetros
260 _aRoma :
_bFAO,
_c1986
300 _a60 p. ilus
490 0 _aRiego y drenaje
_v; 39
590 _aBATCH-UPD
_b10
_c20130110
_lUCH01
_h1407
590 _aBATCH-UPD
_b10
_c20130410
_lUCH01
_h0855
590 _aBATCH-UPD
_b10
_c20130914
_lUCH01
_h1726
590 _aCONVERSION
_b10
_c20130109
_lUCH01
_h1336
650 1 4 _aLisímetros.
_967089
700 0 _aAboukhaled, P.
_9289
700 0 _aAlfaro, J. F.
_93925
700 0 _aSmith, M.
_9107077
830 0 _aRiego y drenaje
_v; 39
_997387
901 _aBK
949 _a631.43 F3y
_bS
_cLIBRO
_d-7618
_eLIBRO
_gI.c/e
_h3775
_i74720
_si
_t23.40
999 _c65529
_d65529